banner koha

Fertilidade em caprinos quanto aos aspectos fisicos do semen e espermocultura em animais usados como reprodutores em rebanhos no nordeste do estado da Bahia [Brasil] (Registro n. 122208)

MARC details
000 -LÍDER
campo de controle de tamanho fixo 01191nas a2200313 4500
001 - NÚMERO DE CONTROLE
campo de controle BR8800141
003 - IDENTIFICADOR DO NÚMERO DE CONTROLE
campo de controle BR-BrBNA
005 - DATA E HORÁRIO DA ÚLTIMA TRANSAÇÃO
campo de controle 20231205091018.0
007 - CAMPO FIXO DE DESCRIÇÃO FÍSICA--INFORMAÇÃO GERAL
campo de controle de tamanho fixo ta
008 - CAMPO DE DADOS FIXOS--INFORMAÇÃO GERAL
campo de controle de tamanho fixo 230509b bl.|||p| |||| 00| 00por d
040 ## - FONTE DA CATALOGAÇÃO
Instituição da catalogação original BR-BrBNA
Idioma da catalogação por
Instituição que transcreveu o registro Biblioteca Nacional de Agricultura
041 ## - CÓDIGO DE IDIOMA
Código do idioma do texto/trilha sonora ou título diferente (Pt)
072 ## - CÓDIGO DE CATEGORIA DE ASSUNTO
Código de Categoria de Assunto L53
100 1# - ENTRADA PRINCIPAL--NOME PESSOAL
Nome pessoal Oliveira, J.V.L. de
100 1# - ENTRADA PRINCIPAL--NOME PESSOAL
Nome pessoal Resende, J.
100 1# - ENTRADA PRINCIPAL--NOME PESSOAL
Nome pessoal Martinez, T.C.N.
100 1# - ENTRADA PRINCIPAL--NOME PESSOAL
Nome pessoal Lima, B.T. de D.
100 1# - ENTRADA PRINCIPAL--NOME PESSOAL
Nome pessoal Ribeiro, M.A.T.
100 1# - ENTRADA PRINCIPAL--NOME PESSOAL
Nome pessoal Laborda, S. da S.
245 1# - TÍTULO
Título Fertilidade em caprinos quanto aos aspectos fisicos do semen e espermocultura em animais usados como reprodutores em rebanhos no nordeste do estado da Bahia [Brasil]
246 1# - FORMA VARIANTE DO TÍTULO
Título/título abreviado Caprine fertility, in regard to physical aspect of the semen and spermculture from animals used as reproducers, in flocks of the northeast state of Bahia
650 ## - ASSUNTO--TERMO TÓPICO
Cabeçalho tópico ou nome geográfico CAPRINO
650 ## - ASSUNTO--TERMO TÓPICO
Cabeçalho tópico ou nome geográfico FISIOLOGIA REPRODUTIVA
650 ## - ASSUNTO--TERMO TÓPICO
Cabeçalho tópico ou nome geográfico SEMEN
650 ## - ASSUNTO--TERMO TÓPICO
Cabeçalho tópico ou nome geográfico BAHIA
773 0# - ENTRADA ANALÍTICA
Título Arquivos da Escola de Medicina Veterinaria da Universidade Federal da Bahia (Brazil)
ISSN - International Standard Serial Number ISSN 0100-2597
Partes relacionadas (1984-1985), v. 9(1) p. 19-33
Número de controle do registro BR8800141
909 ## -
-- 202311
-- Lúcia
-- 55
-- Lúcia Elande
942 ## - ELEMENTOS DE ENTRADA ADICIONADOS (KOHA)
Fonte da classificação ou esquema de arquivamento na estante Classificação AGRIS
Ocultar no OPAC Não
Tipo de material Koha Analítica
Exemplares
Situação do descarte Fonte da classificação ou esquema de arquivamento na estante Situação física Não pode ser emprestado Biblioteca de origem Biblioteca atual Localização na estante Enumeração do periódico / cronologia Total de empréstimos Data de último acesso Número do exemplar Tipo de material Koha Fonte de aquisição
  Classificação AGRIS   Consulta local Biblioteca Nacional de Agricultura - Binagri Biblioteca Nacional de Agricultura - Binagri   (1984-1985), v. 9(1) p. 19-33   29/11/2023 01 Periódicos Portaria Interministerial nº 164/94

BINAGRI

Telefone: (61)3218-2567/2388/3357/2097 - binagri@agro.gov.br

Ministério da Agricultura e Pecuária , Esplanada dos Ministérios, Bloco D, Anexo B, Brasília/DF, CEP: 70.043-900